| 000 | 01908cam a22003854i 4500 | ||
|---|---|---|---|
| 003 | PE-LiUPU | ||
| 005 | 20250731183429.0 | ||
| 008 | 150706s r 000 0 d | ||
| 020 | _a9781405102582 | ||
| 035 | _a(Sirsi) i9781405102582 | ||
| 040 |
_aPE-LiUPU _bspa _cPE-LiUPU _erda |
||
| 049 | _aPRUA | ||
| 082 | 0 | 4 |
_a720.1 _bA8 _221 |
| 245 | 0 | 1 |
_aArchitectural theory : _ban anthology from vitruvius to 1870 / _cHarry Francis Mallgrave edi-. |
| 264 | 1 |
_aMalden, MA : _bBlackwell Pub., _c2006. |
|
| 300 |
_a590 páginas ; _c25 cm. |
||
| 336 |
_atext _2rdacontent |
||
| 337 |
_aunmediated _2rdamedia |
||
| 338 |
_avolume _2rdacarrier |
||
| 505 | 0 | _aClassicism and the Renaissance -- The Classical and Medieval Traditions -- Classicism in France and Britain -- French Classicism: Ancients and Moderns -- Neoclassicism and the Enlightenment -- Early Neoclassicism -- Theories of the Picturesque and Sublime -- Sources of the Picturesque -- The Rise of Historicism in the Nineteenth Century -- Challenges to Classicism in France, 1802-34 -- Historicism in the Industrial Age -- The Battle of the Styles in Britain -- Rationalism, Eclecticism, and Realism in France -- Tectonics and Style in Germany. | |
| 526 | _aP158 | ||
| 526 | _aP146 | ||
| 526 | _aP17 | ||
| 526 | _aP12 | ||
| 526 | _aP06 | ||
| 541 | _g003-000204; | ||
| 650 | 0 | 4 |
_aArquitectura _xFilosofía. |
| 700 | 1 |
_aMallgrave, Harry Francis, _eed. |
|
| 910 |
_agl _bjv _clch _d20111011 |
||
| 942 |
_2ddc _cBOOK |
||
| 949 |
_a720.1 A8 1 _wDEWEY _c1 _i63784 _lCCODEBUL1 _mBUL _p95.00 _r0 _sY _tBOOK _u2015-7-6 _xINGENIERIA _PP06 _o.STAFF. Colección General |
||
| 994 |
_aC0 _bPEPRU |
||
| 596 | _a1 | ||
| 999 |
_a720.1 A8 1 _wDEWEY _c52675 _i63784 _f2021-11-9 _g7 _lCCODEBUL1 _mBUL _p95.00 _r0 _sY _tBOOK _u2015-7-6 _xINGENIERIA _PP06 _o.STAFF. Colección General _d52675 |
||
| 980 |
_81 _gALBERTO SANCHEZ Responsable de Automatización |
||